| Поле | Инд. | ПП | Название | Значение |
|---|---|---|---|---|
| Тип записи | a | |||
| Библиографический уровень | m | |||
| 001 | Контрольный номер | 8488558b-c263-47b5-b55a-415530e0387c | ||
| 005 | Дата корректировки | 20131112095422.9 | ||
| 008 | Кодируемые данные | 030506 | ||
| 040 | a | Служба первич. каталог. | НБ ТвГУ | |
| 041 | a | Код языка текста | ger | |
| 080 | a | Индекс УДК | 51 | |
| 084 | a | Индекс другой классификации/Индекс ББК | В1 | |
| 090 | x | Авторский знак | S38 | |
| a | Полочн. индекс | 51 | ||
| 100 | 1_ | a | Автор | Schuster August |
| 245 | 10 | a | Заглавие | Mathematik fuer jedermann |
| b | Продолж. заглавия | Leichtfassliche Einfuehrung in die niedere und hoehere Mathematik | ||
| c | Ответственность | Von August Schuster | ||
| 250 | a | Основные сведения об издании | 2. Auflage | |
| 260 | 0_ | a | Место издания | Stuttgart etc. |
| b | Издательство | Union Deutsche Verlagsgesellschaft | ||
| c | Дата издания | 1890 | ||
| 300 | a | Объем | X,228 S. | |
| b | Иллюстрации/ тип воспроизводства | Ill. | ||
| 583 | k | Исполнитель действия | Тверской педагогический институт (с 1971 г. университет) | |
| 650 | a | Основная рубрика | Математика | |
| 653 | a | Ключевые слова | Математика | |
| 852 | t | Порядковый номер экземпляра | 1 | |
| p | Инвентарный номер | 65890 | ||
| 930 | a | Новая/Ретро | нем | |
| a | Новая/Ретро | иностр | ||
| 954 | a | Дата поступления на обработку | 20030507 | |
| 999 | a | Подразделение 2 | ОРК |